Commemorative vigilance between totalitarianisms: Slovakia’s 'Victims Warn' sculpture, from counter-monument to anti-monument
| Titel: | Commemorative vigilance between totalitarianisms: Slovakia’s 'Victims Warn' sculpture, from counter-monument to anti-monument / Brett R. Chloupek |
|---|---|
| Verfasser: | |
| In: |
Journal of historical geography, Band 81 (2023), Seite 55-66 alle Artikel anzeigen |
| Veröffentlicht: | 2023 |
| Umfang: | 6 Illustrationen |
| Format: | Aufsatz |
| Sprache: | Englisch |
X
alg: 51820096
001A $03025:13-05-24
001B $03025:13-05-24 $t10:41:25.000
001D $03025:13-05-24
001U $0utf8
001X $00
002@ $0Oou
002C $aText $btxt $2rdacontent
002D $aComputermedien $bc $2rdamedia
002E $aOnline-Ressource $bcr $2rdacarrier
003@ $0518200965
009Q $uhttps://doi.org/10.1016/j.jhg.2023.04.007 $xVolltext
010@ $aeng
010E $erda
011@ $a2023
021A $aCommemorative vigilance between totalitarianisms: Slovakia’s 'Victims Warn' sculpture, from counter-monument to anti-monument $hBrett R. Chloupek
028A $BVerfasser $4aut $71329123247 $8Chloupek, Brett R. [Tp3] $951820135X
031A $d81 $h55-66 $j2023
034M $a6 Illustrationen
039B $aEnthalten in $8--Obvc--. Journal of historical geography. - Amsterdam {[u.a.] : Elsevier, 1975-. - Online-Ressource $x202300000810000945 $9071811125
044K $7119453762 $8Jankovič, Jozef$Z1937-2017 [Tp1] $9087793482
044K $RTschechoslowakei $RTschechoslowakei $#Slowakei $#Slowakei $#Slowakische Republik $#Oberungarn $#Slovensko $#Slovenská Republika $#Slovenská SR $#SSR $#Slovakia $#Slovaquie $#Slovak Republic $#République Slovaque $#Slovenská Socialistická Republika $#Slowakische Sozialistische Republik $#Slovak Socialist Republic $#République Socialiste Slovaque $74055297-4 $8Slowakei [Tg1] $9085153834
044K $RPolitische Identität $RGeschichtsbild $RGeschichtsdenken $#Conscience historique $#Geschichtsbewusstsein $#Historisches Bewusstsein $#Geschichtsverständnis Geschichtsbewusstsein $#Geschichtskultur $74020526-5 $8Geschichtsbewusstsein [Ts1] $9085049387
044K $RGedenkstätte $RErinnerungsort $#Monuments $#Monuments $#Monumenti $#Historische Stätte $#Denkmal $#Monument $#Mahnmal Denkmal $#Denkmäler $74011453-3 $8Denkmal [Ts1] $9085023302
044K $RAufstand $RWeltkrieg $#Slowakischer Nationalaufstand $74199439-5 $8Aufstand in der Slowakei$g1944 [Ts1] $9086006207
045F $a907.10943730904 $eDDC23BSB
045F/01 $a907.1
045F/03 $f0904
045F/03 $f0905
045F/03 $g4373
045R $aGeschichte 1944-2023
lok: 51820096 78
exp: 51820096 78 1 #EPN
201B/01 $013-05-24 $t10:26:08.000
201C/01 $013-05-24
201U/01 $0utf8
203@/01 $01262580633
208@/01 $a13-05-24 $be
209A/01 $a/ $f000 $x00
209A/01 $ab*p $x01
220C/01 $apgar
244Z/01 $#Tschechoslowakei $#Tschechoslowakei $#Tschechische und Slowakische Föderative Republik $#République Tchéco-Slovaque $#Tchécoslovaquie $#Československá Federativní Republika $#Česká a Slovenská Federativní Republika $#Czech and Slovak Federal Republic $#ČSFR $#ČSSR $#ČSR $#RČS $#Československo $#Československá Socialistická Republika $#Československá Republika $#Tschechoslowakische Sozialistische Republik $#Tschechoslowakische Republik $#Tschechoslowakische Föderative Republik $#Republika Československá $#Czechoslovakia $#Čechoslovakische Republik $#République Tchécho-Slovaque $#Tchéchoslovaquie $#Czechoslovak Socialist Republic $#Checoeslovaquia $#Cecoslovacchia $#Čechoslovakija $#République tchécoslovaque $74078435-6 $8--Tg1--Tschechoslowakei $x04 $9085222305
244Z/01 $#Slowakei $#Slowakei $#Slowakische Republik $#Oberungarn $#Slovensko $#Slovenská Republika $#Slovenská SR $#SSR $#Slovakia $#Slovaquie $#Slovak Republic $#République Slovaque $#Slovenská Socialistická Republika $#Slowakische Sozialistische Republik $#Slovak Socialist Republic $#République Socialiste Slovaque $74055297-4 $8--Tg1--Slowakei $x12 $9085153834
247C/01 $82080>Marburg/Lahn, Herder-Institut, Forschungsbibliothek, Bibliographieportal $9336309341
| LEADER | 00000naa a2200000 c 4500 | ||
|---|---|---|---|
| 001 | 518200965 | ||
| 003 | DE-603 | ||
| 005 | 20240513104125.0 | ||
| 007 | cr|||||||||||| | ||
| 008 | 240513s2023 xx |||| o| u00||u|eng c | ||
| 035 | |a (DE-599)HEB518200965 | ||
| 040 | |a DE-603 |b ger |c DE-603 |d DE-603 |e rda | ||
| 041 | |a eng | ||
| 082 | 0 | 4 | |8 1\u |a 907.10943730904 |q DE-101 |2 23/BSB |
| 085 | |8 1\u |b 907.1 | ||
| 085 | |8 1\u |z 1 |s 0904 | ||
| 085 | |8 1\u |z 1 |s 0905 | ||
| 085 | |8 1\u |z 2 |s 4373 | ||
| 100 | 1 | |a Chloupek, Brett R. |e Verfasser |4 aut |0 (DE-603)51820135X |0 (DE-588)1329123247 |2 gnd | |
| 245 | 0 | 0 | |a Commemorative vigilance between totalitarianisms: Slovakia’s 'Victims Warn' sculpture, from counter-monument to anti-monument |c Brett R. Chloupek |
| 264 | 0 | |c 2023 | |
| 300 | |b 6 Illustrationen | ||
| 336 | |a Text |b txt |2 rdacontent | ||
| 337 | |a Computermedien |b c |2 rdamedia | ||
| 338 | |a Online-Ressource |b cr |2 rdacarrier | ||
| 600 | 1 | 7 | |a Jankovič, Jozef |d 1937-2017 |0 (DE-588)119453762 |0 (DE-603)087793482 |2 gnd |
| 648 | 7 | |a Geschichte 1944-2023 |2 gnd | |
| 650 | 7 | |a Geschichtsbewusstsein |0 (DE-588)4020526-5 |0 (DE-603)085049387 |2 gnd | |
| 650 | 7 | |a Denkmal |0 (DE-588)4011453-3 |0 (DE-603)085023302 |2 gnd | |
| 650 | 7 | |a Aufstand in der Slowakei |g 1944 |0 (DE-588)4199439-5 |0 (DE-603)086006207 |2 gnd | |
| 651 | 7 | |a Slowakei |0 (DE-588)4055297-4 |0 (DE-603)085153834 |2 gnd | |
| 773 | 0 | 8 | |i Enthalten in |t Journal of historical geography |d Amsterdam [u.a.] : Elsevier, 1975- |h Online-Ressource |g Band 81 (2023), Seite 55-66 |w (DE-603)071811125 |w (DE-600)1469637-X |
| 856 | |u https://doi.org/10.1016/j.jhg.2023.04.007 | ||
| 924 | 1 | |9 2080 |a (DE-603)1262580633 |b DE-2080 |c HES |d d |g / | |


